English Versions of Names - Statistics

General Stats
  • This quiz has been taken 49 times
  • The average score is 11 of 20
Answer Stats
Name Language English Equivalent % Correct
Heinrich German Henry
100%
Yousef Arabic Joseph
87%
Páll Icelandic Paul
83%
Grzegorz Polish Gregory
80%
Pierre French Peter
78%
Jurgen Dutch George
76%
Dzsenifer Hungarian Jennifer
76%
Esteban Spanish Steven
76%
Josué Portuguese Joshua
63%
Zuzanka Czech Susan
63%
Evan Welsh John
50%
İskender Turkish Alexander
48%
Guglielmo Italian William
48%
Séamus Irish James
39%
Yevgeni Russian Eugene
30%
Dionysios Greek Dennis
20%
Sahak Armenian Isaac
17%
Ekewaka Hawaiian Edward
15%
Hawwāh Hebrew Eve
15%
Erramun Basque Raymond
15%
No matching quizzes found
Score Distribution
Percent of People with Each Score
Percentile by Number Answered
Your Score History
You have not taken this quiz